The pig in the pond / (Record no. 379963)
[ view plain ]
| 000 -LEADER | |
|---|---|
| fixed length control field | 01302cam a22003614a 4500 |
| 001 - CONTROL NUMBER | |
| control field | 14610061 |
| 005 - DATE AND TIME OF LATEST TRANSACTION | |
| control field | 20230103182412.0 |
| 008 - FIXED-LENGTH DATA ELEMENTS--GENERAL INFORMATION | |
| fixed length control field | 061025s1996 maua j 000 1 eng |
| 010 ## - LIBRARY OF CONGRESS CONTROL NUMBER | |
| LC control number | 2006284600 |
| 020 ## - INTERNATIONAL STANDARD BOOK NUMBER | |
| International Standard Book Number | 1564020509 (hbk.) |
| 020 ## - INTERNATIONAL STANDARD BOOK NUMBER | |
| International Standard Book Number | 1564026043 (pbk.) |
| 040 ## - CATALOGING SOURCE | |
| Original cataloging agency | DLC |
| Transcribing agency | DLC |
| Modifying agency | DLC |
| Description conventions | rda |
| 050 00 - LIBRARY OF CONGRESS CALL NUMBER | |
| Classification number | PZ7.W1137 |
| Item number | Pi 1996 |
| 082 00 - DEWEY DECIMAL CLASSIFICATION NUMBER | |
| Classification number | [E] |
| Edition number | 22 |
| 092 ## - LOCALLY ASSIGNED DEWEY CALL NUMBER (OCLC) | |
| Classification number | children picture book |
| Item number | Waddell |
| 100 1# - MAIN ENTRY--PERSONAL NAME | |
| Personal name | Waddell, Martin. |
| 9 (RLIN) | 20380 |
| 245 14 - TITLE STATEMENT | |
| Title | The pig in the pond / |
| Statement of responsibility, etc | Martin Waddell ; illustrated by Jill Barton. |
| 250 ## - EDITION STATEMENT | |
| Edition statement | 1st U.S. pbk. ed. |
| 260 ## - PUBLICATION, DISTRIBUTION, ETC. (IMPRINT) | |
| Place of publication, distribution, etc | Cambridge, Mass. : |
| Name of publisher, distributor, etc | Candlewick Press, |
| Date of publication, distribution, etc | 1996. |
| 264 ## - Production, Publication, Distribution, Manufacture, and Copyright Notice. | |
| Place of production, publication, distribution, manufacture | Cambridge, Mass. : |
| Name of producer, publisher, distributor, manufacturer | Candlewick Press, |
| Date of production, publication, distribution, manufacture, or copyr | 1992. |
| 300 ## - PHYSICAL DESCRIPTION | |
| Extent | [32] p. : |
| Other physical details | col. ill. ; |
| Dimensions | 22 x 27 cm. |
| 520 ## - SUMMARY, ETC. | |
| Summary, etc | An overheated pig who doesn't swim, throws himself into a pond, throwing the farmyard into an uproar. |
| 650 #0 - SUBJECT ADDED ENTRY--TOPICAL TERM | |
| Topical term or geographic name as entry element | Swine |
| Form subdivision | Juvenile fiction. |
| 9 (RLIN) | 5675899 |
| 650 #0 - SUBJECT ADDED ENTRY--TOPICAL TERM | |
| Topical term or geographic name as entry element | Domestic animals |
| Form subdivision | Juvenile fiction. |
| 9 (RLIN) | 5674953 |
| 650 #1 - SUBJECT ADDED ENTRY--TOPICAL TERM | |
| Topical term or geographic name as entry element | Pigs |
| Form subdivision | Fiction. |
| 9 (RLIN) | 5684927 |
| 650 #1 - SUBJECT ADDED ENTRY--TOPICAL TERM | |
| Topical term or geographic name as entry element | Domestic animals |
| Form subdivision | Fiction. |
| 9 (RLIN) | 5674957 |
| 700 1# - ADDED ENTRY--PERSONAL NAME | |
| Personal name | Barton, Jill, |
| Relator term | ill. |
| 9 (RLIN) | 34569 |
| 856 42 - ELECTRONIC LOCATION AND ACCESS | |
| Materials specified | Publisher description |
| Uniform Resource Identifier | <a href="http://www.loc.gov/catdir/enhancements/fy0624/2006284600-d.html">http://www.loc.gov/catdir/enhancements/fy0624/2006284600-d.html</a> |
| 942 ## - ADDED ENTRY ELEMENTS (KOHA) | |
| Source of classification or shelving scheme | Dewey Decimal Classification |
| Koha item type | BOOK |
| Withdrawn status | Lost status | Source of classification or shelving scheme | Damaged status | Not for loan | Collection code | Home library | Current library | Shelving location | Date acquired | Source of acquisition | Total Checkouts | Full call number | Barcode | Date last seen | Date checked out | Cost, replacement price | Price effective from | Koha item type |
|---|---|---|---|---|---|---|---|---|---|---|---|---|---|---|---|---|---|---|
| Dewey Decimal Classification | Children Picture Books | Wasatch County Library | Wasatch County Library | Main Floor Childrens Area | 01/03/2023 | Amazon | 6 | E Waddell | 34301001853060 | 01/24/2025 | 06/12/2024 | 17.80 | 01/03/2023 | BOOK |
